Statistics for Geography Quizhanger #5

Click here to take the quiz!

General Stats

  • This quiz has been taken 249 times
  • The average score is 5 of 8

Answer Stats

ClueAnswer% Correct
Canadian province containing Calgary(A)lberta
81%
State capital of Kansas(T)opeka
77%
Colonial name for Yangon(R)angoon
76%
Kazakh-Uzbek ‘sea’ once the fourth largest lake in the world, now almost completely depleted by irrigation for cotton farming(A)ral
65%
Capital of Mali(B)amako
65%
Old name for Chennai(M)adras
58%
Country of the exclave of Musandam which borders the strait of Hormuz(O)man
55%
VOLCANOTambora
38%

Score Distribution

Percentile by Number Answered

Percent of People with Each Score

Your Score History

You have not taken this quiz